| 000 | 00578nam a22001937a 4500 | ||
|---|---|---|---|
| 001 | 2887 | ||
| 003 | HMS | ||
| 005 | 20251027100727.0 | ||
| 008 | 251027n1933 cl |||gr|||| 00| f spa | ||
| 040 |
_ahms _bspa _chms |
||
| 082 | 0 | 4 | _a823 W454 |
| 100 | 1 |
_aWells, H. G., _d1866-1946 _94530 |
|
| 245 | 1 | 3 |
_aEl rey que supo ser rey / _cH. G. Wells ; traducción por Ignacio López Valencia. _h[libro] |
| 260 |
_aSantiago de Chile : _bEdiciones Selectas, _c1935 |
||
| 300 |
_a143 páginas ; _c19 cm. |
||
| 490 | 0 | _aEmpresa Letras | |
| 650 | 7 |
_aNovelas inglesas _94531 |
|
| 942 |
_2ddc _cCP _n0 |
||
| 999 |
_c2887 _d2887 |
||